No me hagas pensar. Una aproximación a la usabilidad en la Web y los móviles.

Kaydedildi:
Detaylı Bibliyografya
Yazar: Krug, Steve (autor)
Diğer Yazarlar: Pérez, Gustavo (traductor)
Materyal Türü: Kitap
Baskı/Yayın Bilgisi: Madrid, España: Anaya Multimedia, 2014.
Edisyon:2.ª edición.
Konular:
Etiketler: Etiketle
Etiket eklenmemiş, İlk siz ekleyin!

MARC

LEADER 00000nam a22000007a 4500
003 CL-VaPUC
005 20250407202438.0
008 250307t2014 ||||| |||| 00| 0 eng d
999 |c 447159  |d 447157 
020 |a 978-84-415-3727-9 
040 |c Pontificia Universidad Católica de Valparaíso 
082 7 |a 006.7 KRU 2014  |2 22 
100 |a Krug, Steve   |9 884761  |e autor 
245 |a No me hagas pensar.   |b Una aproximación a la usabilidad en la Web y los móviles.  
250 |a 2.ª edición.  
260 |a Madrid, España:  |b Anaya Multimedia,   |c 2014. 
300 |a 212 páginas :  |b ilustraciones.  
500 |a c.1.-c.2. Instituto Arcos 8-1-2025. 
583 |k GC  |c 20231023 
650 0 |a Páginas web  |x Diseño  |9 436463 
650 0 |a Páginas web   |x Evaluación   |9 885272 
700 |a Pérez, Gustavo  |e traductor  |9 885271 
942 |2 ddc  |c BK  |n 0 
952 |0 0  |1 0  |2 ddc  |4 0  |6 006_700000000000000_KRU_2014  |7 0  |8 A  |9 600742  |a BIBINC  |b BIBINC  |d 2025-03-07  |e Instituto Arcos  |i 5665651  |o 006.7 KRU 2014  |p 5665651  |r 2025-03-07  |t 1  |w 2025-03-07  |y BK  |k IFP 
952 |0 0  |1 0  |2 ddc  |4 0  |6 006_700000000000000_KRU_2014  |7 0  |8 A  |9 601532  |a BIBINC  |b BIBINC  |d 2025-03-19  |e Instituto Arcos  |i 5666406  |o 006.7 KRU 2014  |p 5666406  |r 2025-03-19  |t 2  |w 2025-03-07  |y BK  |k IFP